000 00551nam a2200229Ia 4500
003 OSt
005 20221005120252.0
006 a|||||r|||| 00| 0
007 ta
008 221004b |||||||| |||| 00| 0 eng d
024 _a31919
037 _cTextual
040 _aCRL
_cCRL
_beng
041 _2eng
_aeng
082 _a8655:N5, K2
245 0 _aDirectory of Republic of Ghana.
250 _aEd 3.
260 _c1962
650 _aGHANA - DIRECTORIES
_9628902
942 _h8655:N5, K2
_cTEXL
_2cc
999 _c1037479
_d1037479